| 000 | 00616nac a22002051u 4500 | ||
|---|---|---|---|
| 020 | _a81700088909 | ||
| 082 |
_a621.4022 _bRAT |
||
| 090 |
_c7927 _d7927 |
||
| 100 | _aRathore, Mahesh M. | ||
| 245 |
_aEngineering heat and mass transfer/ _cMahesh M. Transfer |
||
| 250 | _a2nd ed. | ||
| 260 |
_aNew Delhi: _bLaxmi Pub.,2006 _c2006 |
||
| 300 |
_a1152p.: _bill.; _c22 cm. |
||
| 500 | _adistributer: Al-Ahram | ||
| 500 | _aIncludes index | ||
| 511 | _acatalogued by: wessam | ||
| 650 |
_aHeat _xTransmission |
||
| 650 | _aMaterials heat transfer | ||
| 942 |
_cBB _k621.4022RAT |
||
| 999 |
_c7927 _d7927 |
||